00956nam a2200253Ia 4500003000400000005001700004008004100021020001500062040001800077041000800095082002200103245010900125250001200234260004400246300002900290650004200319650002300361650002300384700003500407700004100442942003100483999001900514952016900533OSt20241113114546.0210716s2004 xx 000 0 und d a8129705915 cAIMIT LIBRARY aeng a001.07221b KOCT aManagement :binventing and delivering its future /cEdited By Thomas A Kochan and Richard L Schmalensee a1st ed. aNew Delhi :bPearson Education ,c2004. axii,310p. ;bPBc23.9 cm aChallenges and responsibility9185015 aMarketing 9185016 aTechnology9185017 aKochan, Thomas A., ed.9185018 aSchmalensee, Richard L., ed.9185161 2ddccBKe1stk001.072 KOCT c201911d201911 00102ddc40708MBAaAIMITbAIMITcMGTd2007-08-21g295.00iBill no:394; Bill dt:2007-08-21l0o001.072 KOCTpMBA04477r2025-07-21 00:00:00v236.00w2021-07-16yBK